An intermediate English practice book : key to the exercises

Αποθηκεύτηκε σε:
Λεπτομέρειες βιβλιογραφικής εγγραφής
Κύριος συγγραφέας: Corder, Stephen Pit
Μορφή: Βιβλίο
Γλώσσα:English
Δημοσίευση: London : Longmans, [c1960]
Θέματα:
Ετικέτες: Προσθήκη ετικέτας
Δεν υπάρχουν, Καταχωρήστε ετικέτα πρώτοι!

MARC

LEADER 00000cam a2200000 i 4500
001 1/98141
008 081125s1960 eng d
035 |l 10101983 
040 |a GR-MY-UA  |b gre  |e aacr 
041 0 |a eng 
082 0 |a 428.6  |2 (22) 
100 1 |a Corder, Stephen Pit. 
245 1 3 |a An intermediate English practice book :  |b key to the exercises /  |c S. Pit Corder 
260 |a London :   |b Longmans,   |c [c1960] 
300 |a 57 σ.;  |c 19 εκ. 
650 0 0 |a English language  |x Grammar  |x Study and teaching. 
650 0 0 |a English language  |x Study and teaching. 
852 |a INST  |b RHODES  |c AKA  |e 20081125  |h  428.6 COR  |p 005400031340  |q 005400031340  |t BK  |y 0 
901 |a BIBL4-2008-3 
909 |a Ρ  |b 153652 
970 |a ΚΟΖΑ  |b ΜΑΡΙΑ  |z 2008/11/25